000 00609nam a2200205Ia 4500
005 20250508165259.0
008 008 250505s9999 xx 000 0 eng d
020 _a978-1-4331-0336-0
037 _aTextBook
040 _aFEDL
_beng
_cFEDL
041 _aeng
_2eng
084 _a370.330 42, POO/R
_qFEDL
100 _aPoore Megan
_9780384
245 0 _aUsing social media in the classroom: A best practice guide
260 _aLondon, UK
_bSage Publications Ltd.
_c2013
300 _axxv, 256p.
365 _aGBP
_b20.99
942 _cTB
_h370.330 42, POO/R
999 _c1394211
_d1394211